000 00499nam a22001697a 4500
999 _c10511
_d10511
003 OSt
005 20190131173926.0
008 180904b ||||| |||| 00| 0 eng d
022 _a2094-8042
082 _aDPer 370.105 M72 Jan-Dec 2011 v59-60
100 _930844
_aBattad, Romualdo
245 _aPlaridel/
_cRomualdo Battad.
260 _aPhilippines:
_bIn the Grade School, Inc.,
_cc2011.
300 _av60 n2, page 79:
_billustrations;
_c27cm.
650 0 _930845
_aPoetry.
942 _2ddc
_cPER